000 00708nam a2200241 i 4500
001 13654
003 ES-MaACL
005 20230906150632.0
007 t|
008 971203s1997 sp |||| | spa j
020 _a84-7100-677-4
080 _a327(64)"1961/..."
100 1 _aHernando de Larramendi, Miguel.
_963105
245 1 3 _aLa política exterior de Marruecos /
_cMiguel Hernando de Larramendi.
260 _aMadrid :
_bMAPFRE,
_c[1997]
300 _a471 p. ;
_c23 cm.
490 1 _aEl Magreb ;
_v18
504 _aBibligrafía: p. [437]-460.
651 4 _aMarruecos-
_xPolítica exterior.
_9160262
830 0 _aEl Magreb ;
_v18
_9179117
852 _aES-MaACL
_jL-21061
999 _c13654
_d13654